Statistics for Patriot League Schools

Click here to take the quiz!

General Stats

  • This quiz has been taken 284 times
    (199 since last reset)
  • The average score is 6 of 10

Answer Stats

% Correct
Boston University
74%
Lehigh University
71%
Bucknell University
64%
Army
62%
Navy
60%
American University
59%
Lafayette College
57%
Colgate University
54%
College of the Holy Cross
49%
Loyola University
34%

Score Distribution

Percentile by Number Answered

Percent of People with Each Score

Your Score History

You have not taken this quiz since the last reset